[Event "LiSB-ch C"]
[Site "Heerlen"]
[Date "1999.11.20"]
[Round "1"]
[White "Hodenius, Frans"]
[Black "Bremers, Mark"]
[Result "0-1"]
[WhiteElo "1439"]
[BlackElo "1523"]
[PlyCount "90"]
[EventDate "1999.11.20"]
[EventType "swiss"]
[EventRounds "7"]
[EventCountry "NED"]
[SourceTitle "EXT 2001"]
[Source "ChessBase"]
[SourceDate "2000.11.22"]
[SourceVersion "1"]
[SourceVersionDate "2000.11.22"]
[SourceQuality "1"]

1. d4 d5 2. c4 e5 3. dxe5 d4 4. Nf3 Nc6 5. h3 Bf5 6. a3 Nge7 7. b4 Ng6 8. Bb2 Ngxe5 9. Nxe5 Nxe5 10. c5 Qh4 11. Qxd4 Qxd4 12. Bxd4 Nc6 13. Bc3 a5 14. Nd2 axb4 15. axb4 Rxa1+ 16. Bxa1 Nxb4 17. Nb3 Nc2+ 18. Kd2 Nxa1 19. Nxa1 Bxc5 20. f3 0-0 21. e4 Be6 22. Bd3 Ra8 23. Nc2 h6 24. Ra1 Rxa1 25. Nxa1 Kf8 26. Kc3 Ke7 27. Nb3 Bf2 28. Bc4 Bxc4 29. Kxc4 b6 30. Nc1 g5 31. Ne2 Kd6 32. Nc3 c6 33. Nd1 b5+ 34. Kd3 Bg1 35. Nc3 f6 36. Ne2 Bf2 37. g3 c5 38. f4 c4+ 39. Kc2 b4 40. Kd2 Kc5 41. h4 gxh4 42. gxh4 Bd4 43. f5 b3 44. h5 Be5 45. Nc3 Bxc3+ 0-1